| 000 | 00725cab a2200253 4500 | ||
|---|---|---|---|
| 001 | WB2927-05 | ||
| 008 | 090401t1993 xxu||||| |||| 00| 0 eng d | ||
| 035 | _a(Sirsi) u72045 | ||
| 041 | _aeng | ||
| 245 | _aNatWest Tower declared sound | ||
| 260 | _c1993 | ||
| 350 | _a0 | ||
| 490 |
_aBuilding _v278(7083) 16 July 1993, 12(1) |
||
| 520 | _aNatWest Tower has been declared structurally sound following the extensive damage by the IRA bombing in April 1993. | ||
| 650 | _aBOMB DAMAGE | ||
| 650 | _aCITY BOMBING | ||
| 650 | _aIRA BOMB | ||
| 650 | _aNATWEST TOWER | ||
| 650 | _aREPAIRS | ||
| 650 | _aSTRUCTURAL INTEGRITY | ||
| 690 | _aBUILT ENVIRONMENT-CONSTRUCTION DESIGN | ||
| 942 | _n0 | ||
| 948 | _c04/03/1997 | ||
| 999 |
_c45452 _d45452 |
||